|
|
|
|
| LEADER |
00588nam a22001337a 4500 |
| 100 |
|
|
|a Aadheshwar Rav
|
| 245 |
|
|
|a Swachhandatavadi kavya ka tulnatmak adhyayan/
|c Aadheshwar Rav
|
| 260 |
|
|
|a Agra:
|b Pragati Prakashan,
|c 1972.
|
| 300 |
|
|
|a 350p.
|
| 942 |
|
|
|2 ddc
|c BK
|
| 999 |
|
|
|c 244835
|d 244835
|
| 952 |
|
|
|0 0
|1 0
|4 0
|7 0
|9 271700
|a HIN
|b HIN
|c S-22
|d 2012-06-16
|i 9146
|l 0
|p HIN9146
|r 2014-02-07
|w 2014-02-07
|y BK
|
| 952 |
|
|
|0 0
|1 0
|4 0
|7 0
|9 271701
|a HIN
|b HIN
|c S-22
|d 2012-06-20
|i 7040
|l 0
|p HIN7040
|r 2014-02-07
|w 2014-02-07
|y BK
|
| 952 |
|
|
|0 0
|1 0
|4 0
|7 0
|9 271702
|a HIN
|b HIN
|c S-22
|d 2012-06-21
|i 5842
|l 0
|p HIN5842
|r 2014-02-07
|w 2014-02-07
|y BK
|